00794nam a22002057a 450000500170000000800410001701700410005802000180009904000230011708200280014010000230016824500890019125000090028026000890028930000260037850400610040465000460046565000670051165100100057820240530110803.0190216s2018 ua a g b 000 0 ara d a2018/4204bمصر. دار الكتب a9789779117225 aEG-CaGPLcEG-CaGPL04221a812.009 \bأ ن 0 aالفت شافع 12aالنص المسرحى بين اللغة والميتالغة /cالفت شافع  aط.1 aالقاهرة : bالهيئة المصرية العامة للكتاب،c2018 . a498 ص. ؛c24 سم.  aيشتمل على ارجاعات ببليوجرافية 072qrmakaالمسرحيات العربية 072qrmakaالمسرحيات العربية xتاريخ ونقد 2qrmak